000 00731nam a2200217Ia 4500
003 OSt
005 20220719111455.0
008 210716s2017 xx 000 0 und d
020 _a9789352135585
040 _cAIMIT LIBRARY
041 _aeng
082 _a005.448
_21
_bWIND
100 _aWinn, Duncan C E.
_951099
245 _aCloud foundry :
_bthe definitive guide develop deploy and scale /
_cBy Duncan C. E. Winn.
250 _a1st ed.
260 _aNew Delhi :
_bShroff Publications and Distributers Pvt Ltd ,
_c2017 .
300 _axxiii, 297p. ;
_bPB
_c23 cm.
650 _aBOSH components and commands
_951100
650 _aDesigning for resilience planning for disaster
_951101
942 _2ddc
_cBK
_e1st
_k005.448 WIND
999 _c195819
_d195819